• 首页
  • 本馆介绍
  • 公告通知
  • 最新文献
  • 馆藏检索
  • 电子资源
  • 读者导购
  • 参考咨询
  • 我的图书馆
  • 登录
  • 详细信息显示
  • 放入我的书架
  • 预约/预借图书
  • 作者相关作品
  • 分类相关作品
  • 丛书相关作品
  • 出版社相关作品

书目信息

  • 表格格式
  • 工作单格式
  • 卡片格式
题名:
“破”后现代艺术
    
 
作者: 陆蓉之 著
分册:  
出版信息: 上海   文汇出版社  2002
页数: 229页
开本: 24cm
丛书名: 大艺术书房
单 册:
中图分类: J110.99
科图分类:
主题词: 艺术--流派 , 艺术--流派--研究
电子资源:
ISBN: 7-80676-275-2
000 00696nam2 2200241 45
001 0304150808
005 20041115100102.7
010    @a7-80676-275-2@dCNY28.00
100    @a20030415d2002 km y0chiy0120 ea
101 0  @achi
105    @aa z 000yy
200 1  @a“破”后现代艺术@A“Po”Hou Xian Dai Yi Shu@f陆蓉之著@FLu Rong Zhi Zhu
210    @a上海@c文汇出版社@d2002
215    @a229页@c图@d24cm
225    @a大艺术书房@f肖关鸿主编
410    @12001 @a大艺术书房
410    @1700 0@a肖关鸿@AXiao Guan Hong@4主编
606 0  @a艺术@x流派
606 0  @a艺术@x流派@x研究
690    @aJ110.99@v4
701  0 @a陆蓉之@4著
801    @aCN@bTSTC@c20030415
905    @b322708-712@dJ110.99@e38@f5
    
    “破”后现代艺术/陆蓉之著.-上海:文汇出版社,2002
    229页:图;24cm.-(大艺术书房/肖关鸿主编)
    
    
    ISBN 7-80676-275-2:CNY28.00
    
●
相关链接 在E读中查询图书 在五车中查询图书 在当当中查询图书 在豆瓣中查询图书


正题名:"破"后现代艺术     索取号:J110.99/38         预约/预借

序号 登录号 条形码 馆藏地/架位号 状态 备注
1 0322708   203227089   第一借阅区/ [索取号:J110.99/38] 在馆    
2 0322709   203227098   第一借阅区/ [索取号:J110.99/38] 在馆    
3 0322710   203227105   第一借阅区/ [索取号:J110.99/38] 在馆    
4 0322711   203227114   第一借阅区/ [索取号:J110.99/38] 在馆    
5 0322712   203227123   第一样本阅览室/ [索取号:J110.99/38] 在馆    
唐山师范学院图书馆 欢迎您!
大连网信软件有限公司© 版权所有